000 00575nam a2200241Ia 4500
003 OSt
005 20220918174741.0
006 a|||||r|||| 00| 0
007 ta
008 220917b |||||||| |||| 00| 0 eng d
024 _a13,916
037 _cTextual
040 _aARTS
_cARTS
_beng
041 _2eng
_aeng
082 _aN02, K0
100 _aDasgupta S N
245 0 _aFundamentals of Indian art
260 _c1960
490 _aBhavan's book -university
650 _aARTS
942 _hN02, K0
_cTEXL
_2CC
999 _c154519
_d154519